|
|
|
|
| LEADER |
00000nas a2200000 a 4500 |
| 001 |
ssj0007193 |
| 003 |
WaSeSS |
| 005 |
20200512172242.0 |
| 006 |
m d |
| 007 |
cr n |
| 008 |
050615c19379999mauqr pss 0 a0eng c |
| 010 |
|
|
|a 2008201935
|z sn 98034243
|
| 016 |
7 |
|
|a H02480000
|2 DNLM
|
| 022 |
|
|
|a 1943-5045
|l 0017-8055
|y 0017-8055
|
| 030 |
|
|
|a HVERAP
|
| 035 |
|
|
|a (WaSeSS)ssj0007193
|
| 037 |
|
|
|b Harvard Educational Review, Harvard Education Publishing Group, 8 Story Street, 1st Floor, Cambridge, MA 02138
|
| 040 |
|
|
|a OCLCS
|b eng
|c OCLCS
|d OCLCQ
|d OCLCG
|d DLC
|d EEM
|d OCLCQ
|d CCO
|d OCLCE
|d OCLCQ
|d YWM
|d IUL
|d OCLCF
|d DLC
|d COO
|d OCLCO
|d OCLCQ
|d TSC
|d AU@
|d OCLCO
|d OCLCA
|d VT2
|d U3W
|d OCLCO
|d OCLCA
|d WaSeSS
|
| 041 |
0 |
|
|a eng
|a spa
|
| 042 |
|
|
|a pcc
|a nsdp
|
| 050 |
1 |
4 |
|a L11
|
| 082 |
1 |
0 |
|a 378
|2 14
|
| 130 |
0 |
|
|a Harvard educational review (Online)
|
| 222 |
|
0 |
|a Harvard educational review
|b (Online)
|
| 245 |
1 |
0 |
|a Harvard educational review
|h [electronic resource].
|
| 260 |
|
|
|a [Cambridge, Mass.] :
|b [Harvard University, etc.]
|
| 310 |
|
|
|a Quarterly,
|b <Nov. 1976->
|
| 321 |
|
|
|a Four no. a year,
|b Jan. 1937-<Oct. 1937>
|
| 362 |
1 |
|
|a Began with v. 7 in Jan. 1937.
|
| 500 |
|
|
|a Editor: Jan. 1937-<Oct. 1937> H.E. Wilson.
|
| 506 |
|
|
|a License restrictions may limit access.
|
| 538 |
|
|
|a Mode of access: World Wide Web.
|
| 546 |
|
|
|a Chiefly in English, but v. 68, no. 2 has also a Spanish-language ed., called v. 68, no. 2-S and "Spanish edition."
|
| 550 |
|
|
|a Published 1937-fall 1967 for the Graduate School of Education.
|
| 588 |
|
|
|a Description based on print version record.
|
| 588 |
|
|
|a Latest issue consulted: Vol. 78, no. 2 (spring 2008) (viewed July 18, 2008).
|
| 650 |
|
0 |
|a Education
|v Periodicals.
|
| 650 |
|
6 |
|a Éducation
|v Périodiques.
|
| 650 |
|
7 |
|a Education.
|2 fast
|0 (OCoLC)fst00902499
|
| 650 |
1 |
7 |
|a Onderwijs.
|2 gtt
|
| 650 |
1 |
7 |
|a Éducation.
|2 rasuqam
|
| 650 |
|
2 |
|a Education.
|
| 655 |
|
0 |
|a Electronic journals.
|
| 700 |
1 |
|
|a Wilson, Howard Eugene,
|d 1901-1966.
|
| 710 |
2 |
|
|a Harvard University.
|b Graduate School of Education.
|
| 776 |
0 |
8 |
|i Print version:
|t Harvard educational review
|x 0017-8055
|w (DLC) 34007870
|w (OCoLC)1587741
|
| 780 |
0 |
0 |
|t Harvard teachers record (Online)
|
| 856 |
4 |
0 |
|z Full text available from Research Library: 02/01/1988 to 1 year ago
|u https://search.proquest.com/publication/41677
|